| 000 | 02458nam0a2200385 4500 | ||
|---|---|---|---|
| 001 | RU\NLR\BIBL_A\012103637 | ||
| 005 | 20260407114718.0 | ||
| 035 | _a(NLR Aleph) 012103637 | ||
| 090 |
_a11920103 _c11920103 |
||
| 100 | _a20190930d1896 |||y0rusy50 ca | ||
| 101 | 0 | _arus | |
| 102 | _aRU | ||
| 105 | _ay z 000zy | ||
| 200 | 1 |
_aГосподину Министру Финансов _fМинистр Императорского Двора. 10 апреля 1896 г. № 4930. На № 2548 |
|
| 210 |
_a[Санкт-Петербург _cб. и.] _d1896 |
||
| 215 |
_a4 с. _d35 |
||
| 300 | _aТекст начинается словами: В присланном на мое заключение проекте о замене взимаемых в Сибири подушных податей ... | ||
| 300 | _aВ конце текста: Подписал: Министр Императорского Двора, Генерал-Адъютант Гр. Воронцов-Дашков; Скрепил: Заведывающий Земельно-Заводским Отделом Кабинета Его Императорского Величества Стевен; Верно: Начальник Отделения Ласточкин | ||
| 309 | _aБез тит. л. и обл. | ||
| 309 | _aКопия | ||
| 517 | 1 | _aВ присланном на мое заключение проекте о замене взимаемых в Сибири подушных податей ... | |
| 606 | 1 |
_aПодушная подать _jДокументы и материалы _yРоссия _92593408 _3RU\NLR\AUTH\6601742127 |
|
| 686 | 3 | _aУ26(28)141.319.219,011 | |
| 686 | 3 | _aХ2(2)46-512,011 | |
| 702 | 1 |
_4720 _8rus _7ca _aВоронцов-Дашков _bИ. И. _f1837-1916 _gИлларион Иванович _3RU\NLR\AUTH\7774738 _957666 |
|
| 702 | 1 |
_4720 _7ca _8rus _aСтевен _bА. Х. _cгос. чиновник _f1844-1910 _gАлександр Христианович _9211982 _3RU\NLR\AUTH\770212038 |
|
| 702 | 1 |
_aЛасточкин _cгос. чиновник _4720 |
|
| 712 | 0 | 1 |
_aРоссия _bМинистерство финансов _3RU\NLR\AUTH\889947360 _9390360 |
| 712 | 0 | 1 |
_4570 _aРоссия _bМинистерство Императорского двора и уделов _3RU\NLR\AUTH\889943471 _9382087 |
| 852 |
_aNLR _j135/294-320(54-1) |
||
| 942 | _cBOOK | ||
| 980 | _aNB | ||